Practical research planning and design/ (Record no. 795425)
[ view plain ]
| 000 -LEADER | |
|---|---|
| fixed length control field | 00745nam a22002417b 4500 |
| 003 - CONTROL NUMBER IDENTIFIER | |
| control field | 3228 |
| 005 - DATE AND TIME OF LATEST TRANSACTION | |
| control field | 20260330110845.0 |
| 008 - FIXED-LENGTH DATA ELEMENTS--GENERAL INFORMATION | |
| fixed length control field | 260330b sa ||||| |||| 00| 0 eng d |
| 020 ## - INTERNATIONAL STANDARD BOOK NUMBER | |
| International Standard Book Number | <a href="9780132414074">9780132414074</a> |
| Qualifying information | (pbk) |
| 040 ## - CATALOGING SOURCE | |
| Original cataloging agency | MPL |
| Transcribing agency | 3228 |
| 082 #0 - DEWEY DECIMAL CLASSIFICATION NUMBER | |
| Classification number | 001.4 LEED |
| 942 ## - ADDED ENTRY ELEMENTS | |
| Creator ID | 367 |
| Creator Name | Ellen Msibi |
| Modifier ID | 367 |
| Modifier Name | Ellen Msibi |
| 100 ## - MAIN ENTRY--PERSONAL NAME | |
| Personal name | Leedy, Paul D |
| 245 ## - TITLE STATEMENT | |
| Title | Practical research planning and design/ |
| Statement of responsibility, etc. | Paul D. Leedy |
| 250 ## - EDITION STATEMENT | |
| Edition statement | Sixth edition. |
| 260 ## - PUBLICATION, DISTRIBUTION, ETC. | |
| Place of publication, distribution, etc. | New Jersey: |
| Name of publisher, distributor, etc. | Prentice- Hall; |
| Date of publication, distribution, etc. | 1997. |
| 300 ## - PHYSICAL DESCRIPTION | |
| Extent | xvi, 304 pages.: |
| Other physical details | illustrations, |
| Dimensions | 28 cm. |
| 504 ## - BIBLIOGRAPHY, ETC. NOTE | |
| Linkage | Includes bibliographical references and index. |
| 650 ## - SUBJECT ADDED ENTRY--TOPICAL TERM | |
| Form subdivision | Research- methodology |
| 700 ## - ADDED ENTRY--PERSONAL NAME | |
| 9 (RLIN) | 198978 |
| Personal name | Timothy J. Newby |
| 700 ## - ADDED ENTRY--PERSONAL NAME | |
| 9 (RLIN) | 198979 |
| Personal name | Peggy A. Ertmer |
| 942 ## - ADDED ENTRY ELEMENTS | |
| Source of classification or shelving scheme | Dewey Decimal Classification |
| item type | Book |
| Withdrawn status | Lost status | Source of classification or shelving scheme | Damaged status | Not for loan | Collection code | Home library | Current library | Shelving location | Date acquired | Total Checkouts | Full call number | Barcode | Date last seen | Price effective from | item type |
|---|---|---|---|---|---|---|---|---|---|---|---|---|---|---|---|
| Dewey Decimal Classification | 000 | Secunda | Secunda | Non Fiction | 30.03.2026 | 001.4 LEED | 052999 | 30.03.2026 | 30.03.2026 | Book |